| 000 | 00741nam a2200253 a 4500 | ||
|---|---|---|---|
| 005 | 20210219152935.0 | ||
| 008 | 991125n 000 0 u | ||
| 035 | _aUPN01000067915 | ||
| 100 | _aKagan, Sharon L. | ||
| 222 | _aYOUNG CHILDREN | ||
| 245 | _aCollaboration in early care and education : what can and should we expect? | ||
| 300 | _a51-56 | ||
| 362 | _a47, No. 1, 1991 | ||
| 505 | _aAbril 1992 | ||
| 653 | 0 | _aCOOPERACION EDUCATIVA | |
| 653 | 0 | _aEDUCACION DE LA PRIMERA INFANCIA | |
| 653 | 0 | _aEFECTIVIDAD ORGANIZACIONAL | |
| 653 | 0 | _aINVESTIGACION Y DESARROLLO | |
| 653 | 0 | _aPOLITICA EDUCATIVA | |
| 653 | 0 | _aRESULTADOS DE LA EDUCACION | |
| 700 | _aRivera, Ann Marie | ||
| 904 |
_aAC _b005726 |
||
| 905 | _aArticulo | ||
| 999 |
_c64248 _d64248 |
||